000 01003nam a22003257a 4500
001 0003635
003 KOHA_MİRAKIL
005 20260207001342.0
007 ta
008 090415b2001 tu |||gr||||#||||0|tur |
020 _a9753521456
040 _aTR-BiSEU
_btur
_cTR-BiSEU
_erda
041 0 _atur
044 _ctu
050 _aHV6432
_b.H87 2001
100 1 _aHüseyin, Asaf.
245 1 _aOrtadoğuda devlet ve terör/
_cAsaf Hüseyin ; Asaf Hüseyin; çeviren Taha Cevdet.
264 1 _aİstanbul :
_bPınar Yayınları
_c2001
300 _a316 sayfa
336 _ametin
_btxt
_2rdacontent
337 _aaracısız
_bn
_2rdamedia
338 _acilt
_bnc
_2rdacarrier
490 1 _aPınar Yayınları ;
_v45.
490 1 _aİslam dünyası ;
_v5.
650 0 _aTerörizm--Uluslararası--Ortadoğu.
_98816
650 0 _aİslâmî ideolojiler--Mücadeleler--Ortadoğu.
_98817
830 1 _aPınar Yayınları ;
_v45.
_98818
830 1 _aİslam dünyası ;
_v5.
_98819
942 _2lcc
_cBK
999 _c3619
_d3619